Evaluación de impacto ambiental del proyecto Adoquinado del tramo San Antonio – San Gregorio, 5.63 Km de longitud, Diriamba Carazo
Presenta la evaluación de impacto ambiental del proyecto Adoquinado del tramo San Antonio – San Gregorio, 5.63 Km de longitud, Diriamba Carazo que se realizó mediante la caracterización del medio físico natural y social del área de estudio, así como la realización de un estudio de línea bas...
| Main Author: | |
|---|---|
| Other Authors: | |
| Format: | Tesis Section = Libro |
| Language: | Undetermined Spanish |
| Published: |
Managua
UNI
2009
|
| Subjects: |
| LEADER | 01164nam a2200253Ia 4500 | ||
|---|---|---|---|
| 008 | 240830s9999 xx 000 0 und d | ||
| 040 | |a BIBLIOTECA-RUPAP T.Mon 625.7 L864 | ||
| 041 | |a spa | ||
| 082 | |a T.Mon 625.7 L864 | ||
| 100 | 1 | |a López Aguirre, Franklin Axel | |
| 245 | 1 | 0 | |a Evaluación de impacto ambiental del proyecto Adoquinado del tramo San Antonio – San Gregorio, 5.63 Km de longitud, Diriamba Carazo |
| 260 | |a Managua |b UNI |c 2009 | ||
| 300 | |a 121 p. :il. | ||
| 500 | |a Contiene: anexos. | ||
| 502 | |a Tesis (Ingeniero Civil)- UNI, 2009. | ||
| 520 | 3 | |a Presenta la evaluación de impacto ambiental del proyecto Adoquinado del tramo San Antonio – San Gregorio, 5.63 Km de longitud, Diriamba Carazo que se realizó mediante la caracterización del medio físico natural y social del área de estudio, así como la realización de un estudio de línea base para conocer el estado del área. | |
| 650 | 7 | |a CONSTRUCCION DE CARRETERAS | |
| 650 | 7 | |b ESTUDIO DE TRANSITO | |
| 650 | 7 | |c ESTUDIO DE SUELOS | |
| 650 | 7 | |d IMPACTO AMBIENTAL | |
| 700 | 1 | |a Tutor: |b López Aguirre, Evert Alejandro | |
| 942 | |c BK |2 ddc | ||
| 991 | |a TESIS | ||
| 999 | |c 18165 | ||